Famous men - Statistics

General Stats
  • This quiz has been taken 55 times
  • The average score is 7 of 12
Answer Stats
Picture Answer % Correct
Adolf Hitler
100%
Josif Stalin
97%
Mao Zedong
92%
Vladimir Lenin
89%
Osama Bin Laden
87%
Fidel Castro
79%
Karl Marx
76%
Friedrich Engels
34%
Thomas Dewey
29%
Pol Pot
26%
Alfred Rosenberg
11%
Magnus Pääjärvi
11%
No matching quizzes found
Score Distribution
Percent of People with Each Score
Percentile by Number Answered
Your Score History
You have not taken this quiz